Catalog

Record Details

Catalog Search



Available copies

  • 2 of 3 copies available at LARL/NWRL Consortium.
  • 1 of 2 copies available at Lake Agassiz Regional Library. (Show preferred library)

Current holds

1 current hold with 3 total copies.

Show Only Available Copies
Location Call Number / Copy Notes Barcode Shelving Location Status Due Date
Climax Public Library STA (Text) 33500014174114 Main Available -
Crookston Public Library STA (Text) 33500014174106 Main Checked out 05/26/2026
Godel Memorial-Warren Library STA (Text) 35500006853970 Main Available -

Record details

  • ISBN: 1662523815
  • ISBN: 9781662523816
  • Physical Description: 377 pages ; 22 cm
  • Publisher: [United States] : Thomas & Mercer, 2025.

Content descriptions

Summary, etc.:
"On prom night, Caroline Winterfield walked away ... Read More
Subject: Women detectives > Fiction.
Female friendship > Fiction.
Murder > Investigation > Fiction.
Genre: Psychological fiction.
Thrillers (Fiction)
LDR 02349cam a2200409 i 4500
001456310
003LARL_NWRL_CONSORTIUM
00520250325144309.0
008240829s2025 xxu 000 1 eng d
040 . ‡aYDX ‡beng ‡cYDX ‡dOCLCO ‡dBDX ‡dIG# ‡dCPP ‡dEHJ ‡dOCLCO
020 . ‡a1662523815
020 . ‡a9781662523816
035 . ‡a(OCoLC)1453335497
08204. ‡a813/.54 ‡223/eng/20250312
1001 . ‡aStaub, Wendy Corsi, ‡eauthor. ‡0(LARL_NWRL_CONSORTIUM)122027
24514. ‡aThe fourth girl / ‡cWenfy Corsi Staub.
264 1. ‡a[United States] : ‡bThomas & Mercer, ‡c2025.
300 . ‡a377 pages ; ‡c22 cm
336 . ‡atext ‡btxt ‡2rdacontent
337 . ‡aunmediated ‡bn ‡2rdamedia
338 . ‡avolume ‡bnc ‡2rdacarrier
4900 . ‡aHaven Cliff ; ‡v1
520 . ‡a"On prom night, Caroline Winterfield walked away from the ruins of an abandoned mansion called Haven Cliff and into the woods...never to be seen again. Only her three best friends know what really happened. But a secret is a secret, and a promise is a promise--even when it shatters lifelong friendships. On the twenty-fifth anniversary of that night, Midge, Kelly, and Talia reunite at Haven Cliff, now a gleaming architectural jewel. But they aren't alone. Someone is watching. Someone who knows what really happened to Caroline--and to the man who now lies dead a stone's throw from where she was last seen. Police detective Midge knows she's dealing with a murder the moment she sees the item clutched in his lifeless hand. Only three other people in the world would grasp its significance. That means Kelly and Talia are either involved or in danger, because Caroline is long gone...or is she?"-- ‡cProvided by publisher.
650 0. ‡aWomen detectives ‡vFiction. ‡0(LARL_NWRL_CONSORTIUM)167906
650 0. ‡aFemale friendship ‡vFiction. ‡0(LARL_NWRL_CONSORTIUM)164947
650 0. ‡aMurder ‡xInvestigation ‡vFiction. ‡0(LARL_NWRL_CONSORTIUM)166203
655 7. ‡aPsychological fiction. ‡2lcgft
655 7. ‡aThrillers (Fiction) ‡2lcgft
901 . ‡a456310 ‡bOCoLC ‡c456310 ‡tbiblio ‡soclc

Additional Resources